[Event "EU-ch (Women) 24th"]
[Site "Rhodes"]
[Date "2024.04.28"]
[Round "9"]
[White "Siskou, Evangelia"]
[Black "Torres Torres, Victoria"]
[Result "1-0"]
[WhiteElo "1837"]
[BlackElo "1468"]
[PlyCount "55"]
[EventDate "2024.04.19"]
[EventType "swiss"]
[EventRounds "10"]
[EventCountry "GRE"]
[SourceTitle "CB18_2024"]
[SourceDate "2024.05.01"]
[SourceVersion "1"]
[SourceVersionDate "2024.05.01"]
[SourceQuality "2"]

1. e4 e5 2. Nf3 Nc6 3. d4 exd4 4. Nxd4 Nf6 5. Nc3 Bb4 6. Nxc6 bxc6 7. Bd3 0-0 8. 0-0 d5 9. exd5 cxd5 10. h3 c6 11. Qf3 Ba5 12. Ne2 Bb7 13. Bg5 Qd6 14. Bf4 Qd7 15. Nd4 Qc8 16. Nf5 Bd8 17. Qg3 g6 18. Nh6+ Kh8 19. Bd6 Nh5 20. Qe3 Bb6 21. Qf3 Kg7 22. Nf5+ Kh8 23. Bxf8 Qxf8 24. Ng3 Nxg3 25. Qxg3 Bc5 26. Rae1 Bd6 27. Qh4 Be7 28. Rxe7 1-0

[Event "Thessaloniki Vardaris op 7th"]
[Site "Thessaloniki"]
[Date "2024.03.17"]
[Round "5"]
[White "Siskou, Evangelia"]
[Black "Nenova, Andzhelika"]
[Result "0-1"]
[WhiteElo "1847"]
[BlackElo "1903"]
[PlyCount "102"]
[EventDate "2024.03.14"]
[EventType "swiss"]
[EventRounds "7"]
[EventCountry "GRE"]
[SourceTitle "CB13_2024"]
[SourceDate "2024.03.27"]
[SourceVersion "1"]
[SourceVersionDate "2024.03.27"]
[SourceQuality "1"]

1. e4 c5 2. Nf3 Nc6 3. Bb5 g6 4. Bxc6 dxc6 5. 0-0 Bg7 6. d3 e5 7. Be3 b6 8. h3 Ne7 9. a4 a5 10. Nc3 0-0 11. Qd2 f6 12. Nh2 g5 13. Ne2 Ra7 14. Ng3 Qe8 15. Qe2 Ng6 16. Nh5 Nf4 17. Bxf4 gxf4 18. Kh1 Kh8 19. Nxg7 Rxg7 20. Rg1 Rfg8 21. c3 Qg6 22. Qf3 h5 23. Rad1 Bg4 24. hxg4 hxg4 25. Qxg4 Qxg4 26. Nxg4 Rxg4 27. g3 fxg3 28. Rxg3 Rxg3 29. fxg3 Rxg3 30. Kh2 Re3 31. Rd2 Kg7 32. Kg2 c4 33. dxc4 Rxe4 34. b3 Re3 35. Rd7+ Kg6 36. Rb7 Rxc3 37. Rxb6 e4 38. Rxc6 Rxb3 39. Ra6 Rb4 40. Rxa5 Rxc4 41. Ra8 Kg5 42. a5 Rc2+ 43. Kg3 Rc3+ 44. Kf2 Ra3 45. a6 Kf4 46. a7 e3+ 47. Ke2 Ra2+ 48. Kd3 f5 49. Rb8 Rxa7 50. Rb4+ Kf3 51. Rb3 Rd7+ 0-1

[Event "Prague Futures 6th"]
[Site "Prague"]
[Date "2024.03.02"]
[Round "5"]
[White "Jakubse, Tamae Severina"]
[Black "Siskou, Evangelia"]
[Result "1-0"]
[WhiteElo "1738"]
[BlackElo "1745"]
[PlyCount "39"]
[EventDate "2024.02.27"]
[EventType "tourn"]
[EventRounds "9"]
[EventCountry "CZE"]
[SourceTitle "CB11_2024"]
[SourceDate "2024.03.13"]
[SourceVersion "1"]
[SourceVersionDate "2024.03.13"]
[SourceQuality "1"]

1. e4 c5 2. c3 d5 3. exd5 Qxd5 4. d4 Nf6 5. Nf3 e6 6. Na3 Nc6 7. Be3 cxd4 8. Nb5 Qd7 9. Nbxd4 a6 10. Be2 Bd6 11. 0-0 Ne7 12. Nd2 Qc7 13. h3 Nfd5 14. Ne4 Nxe3 15. fxe3 0-0 16. Bd3 Ng6 17. Qh5 Be7 18. Nf3 Qb6 19. Rae1 Nf4 20. Nf6+ 1-0

[Event "Prague Futures 6th"]
[Site "Prague"]
[Date "2024.02.29"]
[Round "3"]
[White "Andre, Tomas"]
[Black "Siskou, Evangelia"]
[Result "1/2-1/2"]
[WhiteElo "1915"]
[BlackElo "1745"]
[PlyCount "99"]
[EventDate "2024.02.27"]
[EventType "tourn"]
[EventRounds "9"]
[EventCountry "CZE"]
[SourceTitle "CB11_2024"]
[SourceDate "2024.03.13"]
[SourceVersion "1"]
[SourceVersionDate "2024.03.13"]
[SourceQuality "1"]

1. e4 c5 2. Nc3 d6 3. d4 cxd4 4. Qxd4 Nc6 5. Qd2 g6 6. b3 Bg7 7. Bb2 Nf6 8. 0-0-0 0-0 9. f3 Qa5 10. Nge2 b5 11. Kb1 Nd7 12. Qd5 Nb6 13. Qxb5 Qxb5 14. Nxb5 Bxb2 15. Kxb2 Rb8 16. Ned4 Ne5 17. h3 a6 18. f4 Ned7 19. Nc3 Bb7 20. Bd3 Nc5 21. Rhe1 Ba8 22. g4 Nba4+ 23. Nxa4 Nxa4+ 24. Ka1 Nc3 25. Rd2 Rb4 26. Kb2 Na4+ 27. Ka3 Rxd4 28. bxa4 Bc6 29. c4 Rb8 30. Re3 f5 31. exf5 gxf5 32. gxf5 Kf7 33. f6 Kxf6 34. f5 Bd7 35. Rde2 d5 36. Bc2 Rxc4 37. Bb3 Re4 38. Rxe4 dxe4 39. Rxe4 Bxf5 40. Rc4 Rb6 41. a5 Rd6 42. Rb4 Bxh3 43. Rb6 Bf1 44. Kb4 h5 45. Bd1 h4 46. Bg4 h3 47. Kc5 Bg2 48. Bxh3 Bxh3 49. Rxd6+ exd6+ 50. Kxd6 1/2-1/2

[Event "Thessaloniki White Tower op-A 44th"]
[Site "Thessaloniki"]
[Date "2024.01.08"]
[Round "9"]
[White "Petridis, Dimitrios Panagioti"]
[Black "Siskou, Evangelia"]
[Result "0-1"]
[WhiteElo "1535"]
[BlackElo "1680"]
[PlyCount "88"]
[EventDate "2024.01.02"]
[EventType "swiss"]
[EventRounds "9"]
[EventCountry "GRE"]
[SourceTitle "CB02_2024"]
[SourceDate "2024.01.10"]
[SourceVersion "1"]
[SourceVersionDate "2024.01.10"]
[SourceQuality "1"]

1. e4 c5 2. Nf3 d6 3. Bb5+ Bd7 4. Bxd7+ Qxd7 5. 0-0 Nf6 6. Re1 Nc6 7. c3 e6 8. d4 cxd4 9. cxd4 d5 10. e5 Ne4 11. Nc3 Nxc3 12. bxc3 Be7 13. Bf4 0-0 14. Qd3 h6 15. Nd2 Rfc8 16. Be3 Na5 17. f4 Nc4 18. Nxc4 Rxc4 19. g4 Rac8 20. Bd2 Qd8 21. Rab1 b6 22. Rf1 Ra4 23. Rb2 Ba3 24. Rb3 Bf8 25. Rb2 Qe7 26. f5 exf5 27. gxf5 Qa3 28. Rfb1 Rxd4 29. Qg3 Re4 30. e6 Qc5+ 31. Kh1 fxe6 32. f6 Qc7 33. Qg2 Kh8 34. Qg6 Re2 35. Bf4 Qc4 36. Rb4 Qxc3 37. Qg4 Re1+ 38. Kg2 Qc2+ 39. Kh3 Rxb1 40. Rxb1 Qxb1 41. Be5 Qf1+ 42. Kg3 Qe1+ 43. Kg2 Qxe5 44. fxg7+ Bxg7 0-1

[Event "Thessaloniki White Tower op-A 44th"]
[Site "Thessaloniki"]
[Date "2024.01.06"]
[Round "7"]
[White "Gountras, Klearhos"]
[Black "Siskou, Evangelia"]
[Result "1/2-1/2"]
[WhiteElo "1978"]
[BlackElo "1680"]
[PlyCount "79"]
[EventDate "2024.01.02"]
[EventType "swiss"]
[EventRounds "9"]
[EventCountry "GRE"]
[SourceTitle "CB02_2024"]
[SourceDate "2024.01.10"]
[SourceVersion "1"]
[SourceVersionDate "2024.01.10"]
[SourceQuality "1"]

1. e4 c5 2. Nf3 d6 3. d4 cxd4 4. Nxd4 Nf6 5. f3 g6 6. Be3 Bg7 7. Qd2 Nc6 8. c4 0-0 9. Nc3 Re8 10. Be2 Bd7 11. 0-0 Rc8 12. Kh1 a6 13. Nxc6 Bxc6 14. Rab1 Rb8 15. b4 b5 16. a4 bxc4 17. Bxc4 Bb7 18. Rfc1 Nd7 19. Qe2 Rc8 20. a5 e6 21. Na4 Rc6 22. Nb6 Nxb6 23. Bxb6 Qc8 24. Be3 d5 25. Bxa6 Bc3 26. Bb5 Ba6 27. Bxa6 Rxa6 28. Rxc3 Qxc3 29. Qxa6 Qxe3 30. Qc6 Rd8 31. a6 Qd3 32. Rc1 dxe4 33. Qxe4 Qxa6 34. h4 Rd5 35. Rb1 Qb6 36. Rc1 Qd6 37. Rb1 Qb6 38. Rc1 Qd6 39. Rb1 Qd7 40. Qe2 1/2-1/2

[Event "Thessaloniki White Tower op-A 44th"]
[Site "Thessaloniki"]
[Date "2024.01.05"]
[Round "6"]
[White "Siskou, Evangelia"]
[Black "Zamit, Kyriakos"]
[Result "1-0"]
[WhiteElo "1680"]
[BlackElo "1738"]
[PlyCount "47"]
[EventDate "2024.01.02"]
[EventType "swiss"]
[EventRounds "9"]
[EventCountry "GRE"]
[SourceTitle "CB02_2024"]
[SourceDate "2024.01.10"]
[SourceVersion "1"]
[SourceVersionDate "2024.01.10"]
[SourceQuality "1"]

1. e4 c5 2. Nf3 e6 3. g3 d5 4. exd5 exd5 5. d4 cxd4 6. Nxd4 Nc6 7. Bg2 Bc5 8. Ne2 Nf6 9. 0-0 0-0 10. Bg5 Be6 11. Nf4 h6 12. Bxf6 Qxf6 13. Nc3 d4 14. Ne4 Qe7 15. Nxc5 Qxc5 16. Re1 Bf5 17. Qh5 g5 18. Qxh6 gxf4 19. Qg5+ Kh8 20. Be4 f6 21. Qh5+ Kg7 22. Bxf5 Rh8 23. Qg6+ Kf8 24. Qxf6+ 1-0

[Event "Thessaloniki White Tower op-A 44th"]
[Site "Thessaloniki"]
[Date "2024.01.02"]
[Round "1"]
[White "Leftheriotis, Alexandros"]
[Black "Siskou, Evangelia"]
[Result "1-0"]
[WhiteElo "2028"]
[BlackElo "1680"]
[PlyCount "65"]
[EventDate "2024.01.02"]
[EventType "swiss"]
[EventRounds "9"]
[EventCountry "GRE"]
[SourceTitle "CB02_2024"]
[SourceDate "2024.01.10"]
[SourceVersion "1"]
[SourceVersionDate "2024.01.10"]
[SourceQuality "1"]

1. e4 c5 2. Nf3 d6 3. Bb5+ Bd7 4. Bxd7+ Qxd7 5. 0-0 g6 6. Re1 Bg7 7. c3 Nf6 8. d4 cxd4 9. cxd4 0-0 10. Nc3 Re8 11. Bf4 Na6 12. Qb3 Nc7 13. Rad1 Ne6 14. Bc1 Rac8 15. h3 h6 16. e5 Nh5 17. Nd5 g5 18. h4 g4 19. Nh2 Nf8 20. Re4 dxe5 21. dxe5 Qf5 22. Rxg4 Ng6 23. Ne3 Qxe5 24. Rxg6 Nf4 25. Nhg4 Qh5 26. Nxh6+ Kh7 27. Rxg7+ Kxg7 28. Nef5+ Kf8 29. Bxf4 Rc6 30. Ng3 Qg6 31. h5 Qh7 32. Ng4 f6 33. Bh6+ 1-0

[Event "Skopje op"]
[Site "Skopje"]
[Date "2023.12.09"]
[Round "5"]
[White "Siskou, Evangelia"]
[Black "Glavinac, Goran"]
[Result "0-1"]
[WhiteElo "1703"]
[BlackElo "2034"]
[PlyCount "78"]
[EventDate "2023.12.06"]
[EventType "swiss"]
[EventRounds "9"]
[EventCountry "MKD"]
[SourceTitle "CB50_2023"]
[SourceDate "2023.12.13"]
[SourceVersion "1"]
[SourceVersionDate "2023.12.13"]
[SourceQuality "1"]

1. e4 c6 2. Nc3 d5 3. Nf3 dxe4 4. Nxe4 Nf6 5. Qe2 Nxe4 6. Qxe4 Qd5 7. Qf4 Qf5 8. d3 Na6 9. a3 h6 10. g3 g5 11. Qxf5 Bxf5 12. Nd4 Bd7 13. Bg2 Bg7 14. Nb3 0-0-0 15. 0-0 Be6 16. Nd2 Nc5 17. a4 Bf5 18. Ne4 Ne6 19. f3 Bg6 20. Rb1 f5 21. Nc3 Nd4 22. Rf2 e5 23. f4 exf4 24. gxf4 g4 25. Be3 Rhe8 26. Nd1 h5 27. b4 Kb8 28. Rd2 Bf7 29. c3 Nb3 30. Rc2 Rxd3 31. Kf2 Red8 32. Ke1 Bf6 33. Bf1 Bh4+ 34. Bf2 Bxf2+ 35. Nxf2 Re3+ 36. Be2 Bc4 37. Rbb2 Bxe2 38. Rxe2 Rxc3 39. Kf1 Rd4 0-1

[Event "GRE-chT 50th"]
[Site "Nikaia"]
[Date "2023.08.28"]
[Round "5.7"]
[White "Soulele, Christina"]
[Black "Siskou, Evangelia"]
[Result "0-1"]
[WhiteElo "1017"]
[BlackElo "1677"]
[PlyCount "42"]
[EventDate "2023.08.25"]
[EventType "team"]
[EventRounds "9"]
[EventCountry "GRE"]
[SourceTitle "EXT 2024"]
[Source "ChessBase"]
[SourceDate "2023.10.10"]
[SourceVersion "1"]
[SourceVersionDate "2023.10.10"]
[SourceQuality "1"]
[WhiteTeam "Thessaloniki Aris"]
[BlackTeam "Amo Galaxias"]
[WhiteTeamCountry "GRE"]
[BlackTeamCountry "GRE"]

1. e4 c5 2. Nf3 d6 3. Bc4 Nf6 4. d3 g6 5. c3 Bg7 6. 0-0 0-0 7. Re1 Nc6 8. a4 a6 9. Nbd2 e6 10. Ba2 b5 11. Nf1 d5 12. exd5 exd5 13. d4 c4 14. Ng3 b4 15. b3 bxc3 16. bxc4 dxc4 17. Bxc4 Bg4 18. d5 Bxf3 19. Qxf3 Nd4 20. Qxc3 Nxd5 21. Qd3 Nb4 0-1

[Event "GRE-chT 50th"]
[Site "Nikaia"]
[Date "2023.08.26"]
[Round "3.7"]
[White "Tsapaki, Asimenia"]
[Black "Siskou, Evangelia"]
[Result "1/2-1/2"]
[WhiteElo "1740"]
[BlackElo "1677"]
[PlyCount "92"]
[EventDate "2023.08.25"]
[EventType "team"]
[EventRounds "9"]
[EventCountry "GRE"]
[SourceTitle "EXT 2024"]
[Source "ChessBase"]
[SourceDate "2023.10.10"]
[SourceVersion "1"]
[SourceVersionDate "2023.10.10"]
[SourceQuality "1"]
[WhiteTeam "OPHI"]
[BlackTeam "Amo Galaxias"]
[WhiteTeamCountry "GRE"]
[BlackTeamCountry "GRE"]

1. e4 c5 2. Nf3 d6 3. d4 cxd4 4. Qxd4 Nc6 5. Bb5 Bd7 6. Bxc6 bxc6 7. c4 e5 8. Qd3 Be6 9. Nc3 Qc7 10. 0-0 Nf6 11. Rd1 Be7 12. Bg5 Rd8 13. Rac1 Qb7 14. Qe2 0-0 15. Rc2 Qa6 16. b3 h6 17. Bh4 Bg4 18. h3 Bh5 19. g4 Bg6 20. c5 Qxe2 21. Rxe2 d5 22. Nxe5 Bxc5 23. Nxc6 Rc8 24. exd5 Nxd5 25. Nxd5 Rxc6 26. Ne7+ Bxe7 27. Rxe7 a6 28. Ra7 Rfc8 29. Kh2 Be4 30. Rdd7 g5 31. Re7 Bd5 32. Re5 Rd8 33. Bxg5 hxg5 34. Rxg5+ Kh7 35. Rf5 Kg6 36. h4 Be6 37. Rg5+ Kf6 38. Rh5 Rd2 39. g5+ Kg7 40. Ra8 Rxf2+ 41. Kg3 Rxa2 42. Rhh8 Kg6 43. Kf4 Rf2+ 44. Ke4 f5+ 45. Ke3 Rfc2 46. Rh6+ Kg7 1/2-1/2

[Event "Aegean op 46th"]
[Site "Aghios Kirykos"]
[Date "2023.07.11"]
[Round "4"]
[White "Kesoglou, Konstantinos"]
[Black "Siskou, Evangelia"]
[Result "1-0"]
[WhiteElo "1858"]
[BlackElo "1658"]
[PlyCount "153"]
[EventDate "2023.07.09"]
[EventType "swiss"]
[EventRounds "9"]
[EventCountry "GRE"]
[SourceTitle "CBM 215 Extra"]
[Source "ChessBase"]
[SourceDate "2023.09.30"]
[SourceVersion "1"]
[SourceVersionDate "2023.09.30"]
[SourceQuality "1"]

1. Nf3 d5 2. g3 Nf6 3. Bg2 e6 4. d4 Bd6 5. 0-0 0-0 6. Nbd2 b6 7. c4 Bb7 8. Qc2 c5 9. cxd5 exd5 10. dxc5 bxc5 11. e3 Nbd7 12. b3 Re8 13. Bb2 Bf8 14. Rac1 Rc8 15. Qb1 g6 16. Qa1 Bg7 17. Rfd1 Qb6 18. Bh3 Rc7 19. Bf1 Nh5 20. Bxg7 Nxg7 21. Bg2 f5 22. Nb1 Qf6 23. Qxf6 Nxf6 24. Nc3 a6 25. Na4 Ne4 26. Nd2 Ne6 27. Nxe4 fxe4 28. Bf1 Rd8 29. h4 Kf7 30. Bh3 Bc8 31. Bxe6+ Bxe6 32. Rxc5 Rdc8 33. Rdc1 Rxc5 34. Rxc5 Rxc5 35. Nxc5 Bc8 36. b4 Ke7 37. Nb3 Kd6 38. Nd4 Bh3 39. f3 exf3 40. Kf2 h5 41. Kxf3 Ke5 42. Kf2 Bd7 43. Nb3 Bb5 44. Nd2 Kf5 45. Nf3 Ke4 46. a3 Be8 47. Nd4 Kd3 48. Ne6 Kc4 49. Nc5 a5 50. Nb7 axb4 51. axb4 Kxb4 52. Kf3 Bc6 53. Nd8 Bd7 54. Kf4 Kc4 55. Nf7 Bf5 56. Nh6 Kd3 57. Nf7 Kc4 58. Ne5+ Kc3 59. Nc6 Be4 60. Ne7 Kd3 61. Ng8 Ke2 62. Ne7 Kd3 63. Nc6 Ke2 64. Ne5 Kf2 65. g4 hxg4 66. Nxg4+ Kg2 67. Nf6 Kh3 68. Nxe4 dxe4 69. Kg5 Kg3 70. Kxg6 Kf3 71. h5 Kxe3 72. h6 Kd2 73. h7 e3 74. h8Q e2 75. Qd4+ Kc2 76. Qe3 Kd1 77. Qd3+ 1-0

[Event "Aegean op 46th"]
[Site "Aghios Kirykos"]
[Date "2023.07.11"]
[Round "3"]
[White "Siskou, Evangelia"]
[Black "Karagiannis, Athanasios"]
[Result "1-0"]
[WhiteElo "1658"]
[BlackElo "2138"]
[PlyCount "89"]
[EventDate "2023.07.09"]
[EventType "swiss"]
[EventRounds "9"]
[EventCountry "GRE"]
[SourceTitle "CBM 215 Extra"]
[Source "ChessBase"]
[SourceDate "2023.09.30"]
[SourceVersion "1"]
[SourceVersionDate "2023.09.30"]
[SourceQuality "1"]

1. e4 e6 2. d4 c5 3. d5 exd5 4. exd5 d6 5. c4 Nf6 6. Nf3 g6 7. Qe2+ Be7 8. Bh6 Ng4 9. Bg7 Rg8 10. Bc3 f6 11. Nbd2 Kf7 12. h3 Ne5 13. Nxe5+ fxe5 14. 0-0-0 Rf8 15. h4 h5 16. Qf3+ Kg7 17. Qg3 Bf5 18. f4 Nd7 19. fxe5 Nxe5 20. Nf3 Bf6 21. Nxe5 dxe5 22. Bxe5 Qa5 23. Bxf6+ Rxf6 24. a3 Qa4 25. Rd2 Re8 26. Bd3 Qb3 27. Qc7+ Rf7 28. Qxc5 Rc8 29. Qd4+ Kg8 30. Qc3 Qa4 31. b3 Qxa3+ 32. Kb1 Qd6 33. Bxf5 Rxf5 34. Re1 Rxd5 35. Rxd5 Qxd5 36. Re7 Qf5+ 37. Ka2 Qf2+ 38. Qb2 Qf8 39. Rxb7 Rc5 40. Qc3 Rf5 41. b4 Rf6 42. Qe5 Rd6 43. c5 Qf2+ 44. Kb3 Rf6 45. Qe8+ 1-0

[Event "World School-ch U13 Girls"]
[Site "Rhodes"]
[Date "2023.04.20"]
[Round "7"]
[White "Tynyshtyk, Diana"]
[Black "Siskou, Evangelia"]
[Result "0-1"]
[WhiteElo "1477"]
[BlackElo "1526"]
[PlyCount "102"]
[EventDate "2023.04.14"]
[EventType "swiss"]
[EventRounds "9"]
[EventCountry "GRE"]
[SourceTitle "EXT 2024"]
[Source "ChessBase"]
[SourceDate "2023.10.10"]
[SourceVersion "1"]
[SourceVersionDate "2023.10.10"]
[SourceQuality "1"]

1. e4 e5 2. Nf3 Nc6 3. Bb5 Nf6 4. 0-0 Nxe4 5. Re1 Nd6 6. Nxe5 Nxe5 7. Rxe5+ Be7 8. Bd3 0-0 9. c3 Bf6 10. Re1 Ne8 11. Bc2 d5 12. d4 c6 13. Nd2 Nd6 14. Nf1 Bf5 15. Ng3 Bxc2 16. Qxc2 Bg5 17. Bxg5 Qxg5 18. Re5 Qg6 19. Qxg6 hxg6 20. Rae1 f6 21. Re6 Rfe8 22. R1e2 Kf7 23. Rxe8 Rxe8 24. Kf1 Rxe2 25. Kxe2 Ke6 26. Nf1 b6 27. f3 c5 28. b3 cxd4 29. cxd4 Nf5 30. Kd3 Nh4 31. Ne3 f5 32. f4 g5 33. fxg5 f4 34. g3 Ng6 35. Ng2 fxg3 36. hxg3 Ne7 37. Nf4+ Kf5 38. g6 Kg4 39. Kc3 Kxg3 40. Nh5+ Kf3 41. Nxg7 Nxg6 42. Ne6 Nf4 43. Nc7 Ke3 44. Kc2 Kxd4 45. Nb5+ Ke3 46. Nxa7 d4 47. Nb5 d3+ 48. Kd1 Nd5 49. a3 d2 50. a4 Kd3 51. b4 Ne3# 0-1

[Event "World School-ch U13 Girls"]
[Site "Rhodes"]
[Date "2023.04.19"]
[Round "6"]
[White "Siskou, Evangelia"]
[Black "Ferrer Naranjo, Liennys"]
[Result "1-0"]
[WhiteElo "1526"]
[BlackElo "1517"]
[PlyCount "65"]
[EventDate "2023.04.14"]
[EventType "swiss"]
[EventRounds "9"]
[EventCountry "GRE"]
[SourceTitle "EXT 2024"]
[Source "ChessBase"]
[SourceDate "2023.10.10"]
[SourceVersion "1"]
[SourceVersionDate "2023.10.10"]
[SourceQuality "1"]

1. e4 e5 2. Nf3 Nc6 3. d4 exd4 4. Nxd4 Nf6 5. Nc3 Bb4 6. Nxc6 bxc6 7. Bd3 d5 8. exd5 cxd5 9. 0-0 0-0 10. h3 c6 11. Qf3 Be7 12. Bf4 Be6 13. Rad1 Re8 14. Ne2 Qb6 15. b3 a5 16. Nd4 Bd7 17. Nf5 Bxf5 18. Bxf5 a4 19. Rfe1 axb3 20. axb3 Bc5 21. Be5 Be7 22. Bd4 Qb7 23. Re3 h6 24. Bd3 Qd7 25. Bf5 Qb7 26. Qe2 Kf8 27. Qd3 Rad8 28. Qc3 Ra8 29. Rxe7 Kxe7 30. Qc5+ Kd8 31. Bxf6+ Re7 32. Qd6+ Ke8 33. Bxe7 1-0

[Event "EU-ch Cities&Town U18 op"]
[Site "Tornelo INT"]
[Date "2023.01.29"]
[Round "?"]
[White "Siskou, Evangelia"]
[Black "Gales, Randi Ioan"]
[Result "1/2-1/2"]
[WhiteElo "1502"]
[BlackElo "1911"]
[PlyCount "180"]
[EventDate "2023.01.29"]
[EventType "team-swiss"]
[EventRounds "9"]
[EventCountry "NET"]
[SourceTitle "CBM 212 Extra"]
[Source "ChessBase"]
[SourceDate "2023.03.31"]
[SourceVersion "1"]
[SourceVersionDate "2023.03.31"]
[SourceQuality "1"]
[WhiteTeam "Thessaloniki"]
[BlackTeam "Galati CSM"]
[WhiteTeamCountry "GRE"]
[BlackTeamCountry "ROU"]

1. e4 c5 2. Nf3 Nc6 3. Bb5 e6 4. Bxc6 bxc6 5. 0-0 Ne7 6. d3 Ng6 7. Be3 e5 8. Nc3 d6 9. h3 Be7 10. Nh2 0-0 11. Qd2 f5 12. f3 f4 13. Bf2 Bh4 14. Bxh4 Nxh4 15. Qf2 Qg5 16. Kh1 Rf6 17. Rg1 Be6 18. Ne2 h5 19. g3 fxg3 20. Rxg3 Qh6 21. Rag1 Ng6 22. Qg2 Kh7 23. a3 Raf8 24. c3 R8f7 25. d4 cxd4 26. cxd4 Bc4 27. dxe5 dxe5 28. Qf2 Qd2 29. R3g2 Bd3 30. Ng3 Qf4 31. Nxh5 Qh6 32. Nxf6+ Rxf6 33. Qd2 Qxd2 34. Rxd2 Nf4 35. Ng4 Re6 36. Kh2 c5 37. Nf2 Be2 38. Ng4 Bxf3 39. Rf1 Bxg4 40. hxg4 Rh6+ 41. Kg3 Rh3+ 42. Kf2 Rh4 43. Ke3 Rxg4 44. Rh1+ Kg6 45. Rd6+ Kf7 46. Rd7+ Ke6 47. Rxa7 Rg2 48. Kf3 Rxb2 49. Ra6+ Kf7 50. Ra7+ Ke6 51. Rg1 Rb3+ 52. Kg4 g6 53. Ra6+ Kd7 54. Rd1+ Kc7 55. Rf6 Rxa3 56. Rf7+ Kb6 57. Rd6+ Kb5 58. Rb7+ Kc4 59. Rd1 Re3 60. Rc1+ Kd4 61. Rd7+ Kxe4 62. Rxc5 Rd3 63. Rxd3 Nxd3 64. Rc4+ Kd5 65. Rc2 e4 66. Kg3 Kd4 67. Rc6 Ne5 68. Rd6+ Kc5 69. Re6 Kd5 70. Re8 g5 71. Kf2 Nd3+ 72. Ke3 Ne1 73. Rg8 Nf3 74. Rd8+ Ke5 75. Re8+ Kf5 76. Rxe4 Nh2 77. Re8 Ng4+ 78. Kf3 Ne5+ 79. Kg3 g4 80. Rf8+ Kg5 81. Rg8+ Kf5 82. Ra8 Kf6 83. Ra6+ Kg5 84. Ra5 Kf5 85. Ra8 Kg5 86. Re8 Kf5 87. Rf8+ Kg5 88. Rf4 Kg6 89. Re4 Kf5 90. Ra4 Kg5 1/2-1/2

[Event "Chalkida Evoiki op 5th"]
[Site "Chalkida"]
[Date "2023.01.08"]
[Round "7"]
[White "Tsotras, Ioannis"]
[Black "Siskou, Evangelia"]
[Result "1-0"]
[WhiteElo "1648"]
[BlackElo "1502"]
[PlyCount "85"]
[EventDate "2023.01.05"]
[EventType "swiss"]
[EventRounds "7"]
[EventCountry "GRE"]
[SourceTitle "CBM 212 Extra"]
[Source "ChessBase"]
[SourceDate "2023.03.31"]
[SourceVersion "1"]
[SourceVersionDate "2023.03.31"]
[SourceQuality "1"]

1. e4 e5 2. Nf3 Nc6 3. d4 exd4 4. Nxd4 Nf6 5. Nc3 Bb4 6. Nxc6 bxc6 7. Bd3 0-0 8. 0-0 d5 9. exd5 cxd5 10. Qf3 c6 11. Bg5 Be7 12. h3 h6 13. Bf4 Bd6 14. Rfe1 Be6 15. Ne2 Qc7 16. Bxh6 Be5 17. Bf4 Bxf4 18. Nxf4 Rfe8 19. Nh5 Nxh5 20. Qxh5 f6 21. Qh7+ Kf8 22. Rxe6 Rxe6 23. Qh8+ Kf7 24. Qxa8 Qb6 25. b3 Qa5 26. Qb7+ Ke8 27. Bg6+ Kd8 28. Qb8+ Ke7 29. b4 Qb6 30. Qxb6 axb6 31. Kf1 Rd6 32. Re1+ Kd7 33. Bf5+ Kd8 34. Re6 Rd7 35. Rxc6 Ra7 36. Rxb6 Rxa2 37. Rd6+ Kc7 38. Rxd5 Rb2 39. b5 Kb6 40. Bd3 g5 41. Rd6+ Kb7 42. Rxf6 Rb4 43. Rg6 1-0

[Event "GRE-chT U16 14th"]
[Site "Rio Achaia"]
[Date "2022.12.17"]
[Round "5"]
[White "Siskou, Evangelia"]
[Black "Toumpakari, Maria"]
[Result "0-1"]
[WhiteElo "1495"]
[BlackElo "1347"]
[PlyCount "58"]
[EventDate "2022.12.15"]
[EventType "team-swiss"]
[EventRounds "6"]
[EventCountry "GRE"]
[SourceTitle "EXT 2024"]
[Source "ChessBase"]
[SourceDate "2023.10.10"]
[SourceVersion "1"]
[SourceVersionDate "2023.10.10"]
[SourceQuality "1"]

1. e4 c5 2. Nf3 Nf6 3. Nc3 d5 4. exd5 Nxd5 5. Bb5+ Bd7 6. Bxd7+ Qxd7 7. 0-0 Nc6 8. d3 e6 9. Nxd5 Qxd5 10. Be3 Rd8 11. Qd2 Be7 12. Rad1 0-0 13. a3 b6 14. c3 e5 15. Qe2 f5 16. Bg5 Bf6 17. Bxf6 Rxf6 18. Rfe1 Re6 19. d4 cxd4 20. Nxd4 Nxd4 21. cxd4 Rg6 22. f3 exd4 23. Rd3 Rgd6 24. Red1 h6 25. Rxd4 Qc5 26. b4 Rxd4 27. Qe6+ Kh8 28. bxc5 Rxd1+ 29. Kf2 f4 0-1

[Event "Wch U10 Girls"]
[Site "Batumi"]
[Date "2022.09.21"]
[Round "6"]
[White "Artamonova, Ulyana"]
[Black "Siskou, Evangelia"]
[Result "0-1"]
[WhiteElo "1449"]
[BlackElo "1421"]
[PlyCount "110"]
[EventDate "2022.09.16"]
[EventType "swiss"]
[EventRounds "11"]
[EventCountry "GEO"]
[SourceTitle "EXT 2023"]
[Source "ChessBase"]
[SourceDate "2022.10.05"]
[SourceVersion "1"]
[SourceVersionDate "2022.10.05"]
[SourceQuality "1"]

1. e4 e5 2. Nf3 Nc6 3. Bb5 a6 4. Bxc6 dxc6 5. d3 Bd6 6. h3 Nf6 7. Bg5 h6 8. Bh4 g5 9. Bg3 Qe7 10. Nh2 Bd7 11. Nd2 0-0-0 12. Qe2 h5 13. f3 h4 14. Bf2 Nh5 15. 0-0-0 Nf4 16. Qf1 Be6 17. Kb1 f6 18. Ng4 Bxg4 19. fxg4 Bc5 20. Nb3 Bb6 21. Bxb6 cxb6 22. Qf2 Qc7 23. Nd2 b5 24. Nf1 Kb8 25. Ne3 Qb6 26. Rhf1 a5 27. Nf5 Qc7 28. Qd2 c5 29. Qf2 a4 30. Ne3 b4 31. Qe1 Qd7 32. Qf2 Qb5 33. Nc4 b3 34. axb3 axb3 35. Na3 bxc2+ 36. Qxc2 Qb4 37. Rd2 Rd7 38. Rfd1 Rhd8 39. Kc1 b5 40. Nb1 c4 41. Qc3 Nxd3+ 42. Rxd3 Qxc3+ 43. Nxc3 Rxd3 44. Nd5 Rxd1+ 45. Kxd1 Rd6 46. Kc2 Kb7 47. Nc3 Kc6 48. b3 cxb3+ 49. Kxb3 Rd2 50. Nd5 Rxd5 51. exd5+ Kxd5 52. Kc3 e4 53. Kd2 b4 54. Kc2 e3 55. Kd3 b3 0-1

[Event "Wch U10 Girls"]
[Site "Batumi"]
[Date "2022.09.20"]
[Round "5"]
[White "Siskou, Evangelia"]
[Black "Venskaya, Nika"]
[Result "1/2-1/2"]
[WhiteElo "1421"]
[BlackElo "1470"]
[PlyCount "89"]
[EventDate "2022.09.16"]
[EventType "swiss"]
[EventRounds "11"]
[EventCountry "GEO"]
[SourceTitle "EXT 2023"]
[Source "ChessBase"]
[SourceDate "2022.10.05"]
[SourceVersion "1"]
[SourceVersionDate "2022.10.05"]
[SourceQuality "1"]

1. e4 d6 2. d4 Nf6 3. Nc3 g6 4. Nf3 Bg7 5. Be2 c6 6. 0-0 Qc7 7. h3 Nbd7 8. Be3 0-0 9. Qd2 Re8 10. a4 a5 11. Nh2 e5 12. dxe5 dxe5 13. Rad1 Bf8 14. Qd3 Nc5 15. Bxc5 Bxc5 16. Qg3 Qb6 17. b3 Bd4 18. Qh4 Kg7 19. Nb1 Qc5 20. c3 Bxc3 21. Rc1 Qb4 22. Nxc3 Qxb3 23. Ng4 Bxg4 24. hxg4 h6 25. Qg3 Qb2 26. Rb1 Qd2 27. Rxb7 Rab8 28. Rxb8 Rxb8 29. Qxe5 Rb3 30. Na2 Ra3 31. Nc1 Rxa4 32. Bd3 g5 33. Bb1 Qb4 34. Ne2 Qb5 35. Qxb5 cxb5 36. Nc3 Rb4 37. f3 Rb3 38. Rc1 a4 39. Ba2 Rb2 40. Bd5 a3 41. Ra1 Nxd5 42. Nxd5 b4 43. Nxb4 Rxb4 44. Rxa3 Rb2 45. g3 1/2-1/2